Statistiche per Top 10 Città più popolose Provincia di Verona

Clicka qui per fare il quiz!

Statistiche generali

  • Questo quiz è stato fatto 10 volte
  • Il punteggio medio è 6 su 10

Statistiche sulle risposte

Popolazione (ab.)Città% Corretto
252 520Verona
100%
32 747Villafranca di Verona
100%
19 483Bussolengo
78%
24 148San Giovanni Lupatoto
78%
24 992Legnago
67%
16 935Negrar di Valpolicella
56%
20 275San Bonifacio
56%
16 251Cerea
44%
16 326Pescantina
44%
17 030Sona
22%

Distribuzione punteggi

Percentile per numero di risposta

Percentuale di utenti per punteggio

I tuoi punteggi nel tempo

Non hai fatto questo quiz